000 00212 a2200097 4500
001 42445
100 _aPolmar N
245 _aAtomic submarines
260 _aLondon
_bD Van nostrand Co
_c
090 _c26362
_d26362
942 _aNUST-CAE
_cM
_c18183
999 _c277518
_d277518